[Event "LSS No Engine Cup 122 Preliminary 0"]
[Site "LSS email"]
[Date "2014.12.15"]
[Round "?"]
[White "Segear, Gilles"]
[Black "Pech, Matej"]
[Result "0-1"]
[WhiteElo "1600"]
[BlackElo "1764"]
[PlyCount "26"]
[EventDate "2014.12.16"]
[EventType "tourn (corr)"]
[EventRounds "6"]
[EventCountry "GER"]
[SourceTitle "Corr 2022"]
[Source "ChessBase"]
[SourceDate "2021.10.24"]
[SourceVersion "1"]
[SourceVersionDate "2021.10.24"]
[SourceQuality "1"]

1. e4 d6 2. d4 Nf6 3. d5 Nxe4 4. Qe2 Nf6 5. h3 Nxd5 6. Qf3 Nf6 7. Bc4 d5 8. Bb5+ c6 9. Bd3 e5 10. Bf5 e4 11. Qf4 Bd6 12. Qg5 h6 13. Bxc8 hxg5 0-1

[Event "LSS No Engine Cup 122 Preliminary 0"]
[Site "LSS email"]
[Date "2014.12.15"]
[Round "?"]
[White "Verich, Oleg"]
[Black "Segear, Gilles"]
[Result "1-0"]
[WhiteElo "1401"]
[BlackElo "1600"]
[PlyCount "65"]
[EventDate "2014.12.16"]
[EventType "tourn (corr)"]
[EventRounds "6"]
[EventCountry "GER"]
[SourceTitle "Corr 2022"]
[Source "ChessBase"]
[SourceDate "2021.10.24"]
[SourceVersion "1"]
[SourceVersionDate "2021.10.24"]
[SourceQuality "1"]

1. d4 d5 2. c4 c6 3. Nf3 h6 4. Bf4 dxc4 5. e3 Bg4 6. Bxc4 e6 7. Nbd2 Bxf3 8. Qxf3 Bd6 9. 0-0 Nf6 10. Rad1 Qc7 11. Bxd6 Qxd6 12. Ne4 Qe7 13. Nxf6+ Qxf6 14. Qxf6 gxf6 15. a4 Nd7 16. b4 Ke7 17. f4 f5 18. b5 Nb6 19. Bb3 Nd5 20. Bxd5 cxd5 21. Rc1 Rhg8 22. Rc7+ Kd6 23. Rxb7 Rgc8 24. Rxf7 Rc4 25. Ra1 Rac8 26. Kf2 Rc2+ 27. Kf3 Rg8 28. Rg1 h5 29. Rxa7 h4 30. Rh7 Rg4 31. Rh5 Rc3 32. Rg5 Rxf4+ 33. Kxf4 1-0

[Event "CP-2014-P-00020"]
[Site "LSS email"]
[Date "2014.09.30"]
[Round "?"]
[White "Segear, Gilles"]
[Black "Bogomolov, Alexander"]
[Result "0-1"]
[WhiteElo "681"]
[BlackElo "1906"]
[PlyCount "26"]
[EventDate "2014.10.01"]
[EventType "tourn (corr)"]
[EventRounds "6"]
[EventCountry "GER"]
[SourceTitle "Corr 2022"]
[Source "ChessBase"]
[SourceDate "2021.10.24"]
[SourceVersion "1"]
[SourceVersionDate "2021.10.24"]
[SourceQuality "1"]

1. Nf3 c5 2. e4 d6 3. c4 Bg4 4. Be2 Nc6 5. Qc2 e6 6. a3 Nge7 7. b3 Ng6 8. d3 Nh4 9. Ng5 Nd4 10. Qb2 Bxe2 11. Nc3 Nxg2+ 12. Kd2 Qxg5+ 13. f4 Qxf4# 0-1

[Event "RN-2014-0-00843"]
[Site "LSS email"]
[Date "2014.09.08"]
[Round "?"]
[White "Lenz, Juergen"]
[Black "Segear, Gilles"]
[Result "1-0"]
[WhiteElo "947"]
[BlackElo "647"]
[PlyCount "77"]
[EventDate "2014.08.23"]
[EventType "tourn (corr)"]
[EventRounds "6"]
[EventCountry "GER"]
[SourceTitle "Corr 2015"]
[Source "ChessBase"]
[SourceDate "2015.07.17"]
[SourceVersion "1"]
[SourceVersionDate "2015.07.17"]
[SourceQuality "1"]

1. d4 d5 2. Nf3 Nf6 3. Bf4 h6 4. e3 e6 5. Bd3 Bb4+ 6. c3 Bd6 7. Nbd2 Qe7 8. Ne5 Nc6 9. Bg3 h5 10. h3 h4 11. Bh2 Na5 12. Qe2 a6 13. f4 Bxe5 14. fxe5 Nd7 15. b4 Nc6 16. a4 Nxb4 17. cxb4 Qxb4 18. 0-0 Qe7 19. e4 Nb6 20. Nb3 Rh6 21. a5 Nd7 22. exd5 b6 23. d6 Qg5 24. Bf4 Qf6 25. exf6 Rxf6 26. dxc7 Bb7 27. axb6 Nxb6 28. Nc5 Nd5 29. Be5 Nc3 30. Bxf6 Nxe2+ 31. Bxe2 gxf6 32. Nxb7 Rc8 33. Nd6+ Kd7 34. Nxc8 Kxc8 35. Rfc1 e5 36. Bxa6+ Kd7 37. c8Q+ Ke7 38. Rc7+ Kd6 39. Qd7# 1-0

[Event "RN-2014-0-00843"]
[Site "LSS email"]
[Date "2014.09.04"]
[Round "?"]
[White "Devies, Stefaan"]
[Black "Segear, Gilles"]
[Result "1-0"]
[WhiteElo "977"]
[BlackElo "647"]
[PlyCount "45"]
[EventDate "2014.08.23"]
[EventType "tourn (corr)"]
[EventRounds "6"]
[EventCountry "GER"]
[SourceTitle "Corr 2015"]
[Source "ChessBase"]
[SourceDate "2015.07.17"]
[SourceVersion "1"]
[SourceVersionDate "2015.07.17"]
[SourceQuality "1"]

1. Nf3 f6 2. d4 d5 3. e3 Nh6 4. c4 e6 5. Nc3 Be7 6. Bd3 Nc6 7. 0-0 e5 8. Nxd5 Bf5 9. Re1 0-0 10. e4 Bg4 11. h3 Bxh3 12. gxh3 f5 13. Nxe7+ Qxe7 14. Bxh6 gxh6 15. exf5 Rad8 16. d5 Nd4 17. Nxd4 Rf7 18. Ne6 Rd6 19. Qg4+ Kh8 20. Kh2 c6 21. Rg1 Qe8 22. Be4 Rf6 23. Qg7# 1-0

[Event "RN-2014-0-00843"]
[Site "LSS email"]
[Date "2014.09.03"]
[Round "?"]
[White "Segear, Gilles"]
[Black "Raines, David T"]
[Result "0-1"]
[WhiteElo "647"]
[BlackElo "939"]
[PlyCount "40"]
[EventDate "2014.08.23"]
[EventType "tourn (corr)"]
[EventRounds "6"]
[EventCountry "GER"]
[SourceTitle "Corr 2015"]
[Source "ChessBase"]
[SourceDate "2015.07.17"]
[SourceVersion "1"]
[SourceVersionDate "2015.07.17"]
[SourceQuality "1"]

1. e4 c5 2. c4 Nc6 3. Nf3 g6 4. e5 Bg7 5. d3 d5 6. d4 cxd4 7. c5 Bg4 8. Bb5 e6 9. Qxd4 Bxf3 10. gxf3 Nge7 11. Bg5 Qa5+ 12. Nc3 h6 13. Qd3 hxg5 14. Rb1 0-0-0 15. a3 Nxe5 16. Qc2 Nc4 17. b4 Qc7 18. Na4 Nxa3 19. Nb6+ axb6 20. c6 Nxc2+ 0-1

[Event "RN-2014-0-00840"]
[Site "LSS email"]
[Date "2014.08.25"]
[Round "?"]
[White "Cherry, Brian"]
[Black "Segear, Gilles"]
[Result "1-0"]
[WhiteElo "573"]
[BlackElo "647"]
[PlyCount "81"]
[EventDate "2014.08.14"]
[EventType "tourn (corr)"]
[EventRounds "6"]
[EventCountry "GER"]
[SourceTitle "Corr 2015"]
[Source "ChessBase"]
[SourceDate "2015.07.17"]
[SourceVersion "1"]
[SourceVersionDate "2015.07.17"]
[SourceQuality "1"]

1. e4 e5 2. Nf3 Nc6 3. d4 d6 4. Bb5 Bd7 5. Nc3 Qf6 6. Nd5 Rc8 7. Nxf6+ Nxf6 8. Qd3 a6 9. Bxa6 Nb4 10. Qc4 Nxa6 11. Qd3 c5 12. d5 c4 13. Qe2 b5 14. c3 Nc5 15. Be3 Ncxe4 16. Nd2 Bf5 17. Nxe4 Bxe4 18. 0-0 Nxd5 19. Rad1 Bd3 20. Rxd3 cxd3 21. Qxd3 Nf6 22. Qxb5+ Nd7 23. Rd1 Be7 24. Qa4 Rd8 25. f3 0-0 26. f4 f5 27. g3 Nf6 28. fxe5 Ng4 29. Bc1 Rde8 30. Kg2 h6 31. exd6 Ra8 32. Qxa8 Rxa8 33. dxe7 Re8 34. Rd8 Kf7 35. Rxe8 Kxe8 36. a4 Ne5 37. a5 Kxe7 38. a6 Nc6 39. Be3 Kd7 40. a7 Nxa7 41. Bxa7 1-0

[Event "RN-2014-0-00840"]
[Site "LSS email"]
[Date "2014.08.25"]
[Round "?"]
[White "Segear, Gilles"]
[Black "Bieszk, Stanislaw"]
[Result "0-1"]
[WhiteElo "647"]
[BlackElo "850"]
[PlyCount "62"]
[EventDate "2014.08.14"]
[EventType "tourn (corr)"]
[EventRounds "6"]
[EventCountry "GER"]
[SourceTitle "Corr 2015"]
[Source "ChessBase"]
[SourceDate "2015.07.17"]
[SourceVersion "1"]
[SourceVersionDate "2015.07.17"]
[SourceQuality "1"]

1. e4 Nf6 2. Nc3 d5 3. d4 dxe4 4. h3 Bf5 5. Qe2 e6 6. f3 exf3 7. Nxf3 Bb4 8. Qc4 Bxc3+ 9. Qxc3 0-0 10. Bd3 Bxd3 11. Qxd3 c6 12. Bg5 Nbd7 13. 0-0-0 h6 14. Ne5 Nxe5 15. dxe5 Qxd3 16. Rxd3 Nd5 17. h4 hxg5 18. hxg5 Nf4 19. Rf3 Ng6 20. Rhf1 Nxe5 21. Rh3 Rad8 22. Rfh1 Ng6 23. Rf1 Rd5 24. Rd1 Rfd8 25. Rhd3 Rxd3 26. Rxd3 Rxd3 27. cxd3 Kf8 28. b3 Nf4 29. Kc2 Nxg2 30. Kc3 Nf4 31. b4 Nh3 0-1

[Event "RN-2014-0-00837"]
[Site "LSS email"]
[Date "2014.08.16"]
[Round "?"]
[White "Salinas, Evin"]
[Black "Segear, Gilles"]
[Result "1-0"]
[WhiteElo "661"]
[BlackElo "647"]
[PlyCount "33"]
[EventDate "2014.08.09"]
[EventType "tourn (corr)"]
[EventRounds "6"]
[EventCountry "GER"]
[SourceTitle "Corr 2015"]
[Source "ChessBase"]
[SourceDate "2015.07.17"]
[SourceVersion "1"]
[SourceVersionDate "2015.07.17"]
[SourceQuality "1"]

1. e4 e5 2. Nf3 Nc6 3. Bc4 Bc5 4. c3 Na5 5. Bb3 c6 6. d4 exd4 7. cxd4 Bb6 8. Ng5 Qf6 9. Nxf7 Bxd4 10. 0-0 Nh6 11. Nxh8 Ng4 12. Qxg4 d6 13. Qh5+ Ke7 14. Bg5 Nxb3 15. Bxf6+ Bxf6 16. Qf7+ Kd8 17. Qxb3 1-0

[Event "RN-2014-0-00837"]
[Site "LSS email"]
[Date "2014.08.16"]
[Round "?"]
[White "Segear, Gilles"]
[Black "Arriola, Roger"]
[Result "0-1"]
[WhiteElo "647"]
[BlackElo "1007"]
[PlyCount "64"]
[EventDate "2014.08.09"]
[EventType "tourn (corr)"]
[EventRounds "6"]
[EventCountry "GER"]
[SourceTitle "Corr 2015"]
[Source "ChessBase"]
[SourceDate "2015.07.17"]
[SourceVersion "1"]
[SourceVersionDate "2015.07.17"]
[SourceQuality "1"]

1. e4 d6 2. d4 Nf6 3. Nc3 Bd7 4. e5 Ng8 5. Nf3 e6 6. Bd3 Be7 7. Be3 d5 8. 0-0 Nc6 9. Re1 a6 10. Qd2 Bb4 11. a3 Bxc3 12. bxc3 Qe7 13. Bg5 f6 14. exf6 Nxf6 15. Ne5 0-0-0 16. Nxc6 Bxc6 17. c4 Qf7 18. c5 Rd7 19. Rab1 h6 20. Bf4 Nh5 21. Bxa6 Nxf4 22. Bxb7+ Bxb7 23. Rxb7 c6 24. Rb8+ Kxb8 25. Rb1+ Kc8 26. Qa5 Ra7 27. Qb6 Rb7 28. Qxc6+ Kb8 29. Qd6+ Qc7 30. Rxb7+ Kxb7 31. c6+ Kc8 32. Qxc7+ Kxc7 0-1

[Event "RN-2014-0-00837"]
[Site "LSS email"]
[Date "2014.08.16"]
[Round "?"]
[White "Segear, Gilles"]
[Black "Raines, David T"]
[Result "0-1"]
[WhiteElo "647"]
[BlackElo "939"]
[PlyCount "50"]
[EventDate "2014.08.09"]
[EventType "tourn (corr)"]
[EventRounds "6"]
[EventCountry "GER"]
[SourceTitle "Corr 2015"]
[Source "ChessBase"]
[SourceDate "2015.07.17"]
[SourceVersion "1"]
[SourceVersionDate "2015.07.17"]
[SourceQuality "1"]

1. e4 c5 2. Bc4 e6 3. Nc3 Nc6 4. Nf3 a6 5. d4 cxd4 6. Nxd4 Nge7 7. Be3 Qc7 8. Nf3 Ng6 9. Ng5 Bd6 10. Qf3 Nce5 11. Qe2 Qxc4 12. Qd1 Qc7 13. f4 Nc4 14. Bd4 0-0 15. h4 Nxf4 16. h5 h6 17. Qg4 e5 18. Nd5 Nxd5 19. exd5 f5 20. Qe2 exd4 21. Nh3 Bg3+ 22. Nf2 Ne3 23. Rc1 Ng4 24. Rh3 Bxf2+ 25. Kf1 b6 0-1

[Event "OP-2014-0-03460"]
[Site "LSS email"]
[Date "2014.08.07"]
[Round "?"]
[White "Segear, Gilles"]
[Black "Dlugolecki, Grzegorz"]
[Result "0-1"]
[WhiteElo "647"]
[BlackElo "1530"]
[PlyCount "40"]
[EventDate "2014.08.01"]
[EventType "tourn (corr)"]
[EventRounds "4"]
[EventCountry "GER"]
[SourceTitle "Corr 2015"]
[Source "ChessBase"]
[SourceDate "2015.07.17"]
[SourceVersion "1"]
[SourceVersionDate "2015.07.17"]
[SourceQuality "1"]

1. e4 e5 2. Nf3 Nc6 3. d4 exd4 4. Nxd4 Nf6 5. Nc3 Bb4 6. Bd3 Nxd4 7. Be3 Bxc3+ 8. bxc3 Nc6 9. Rb1 0-0 10. Qf3 d5 11. Rb5 dxe4 12. Bxe4 Bg4 13. Rd5 Bxf3 14. Rxd8 Bxe4 15. Rd2 Bxg2 16. Rg1 Bf3 17. Bh6 Rfe8+ 18. Kf1 Ng4 19. Bf4 Rad8 20. Rxd8 Rxd8 0-1